Statistics for Top 50 Assists Of All Time (NHL)

Click here to take the quiz!

General Stats

  • This quiz has been taken 1,551 times
    (1,479 since last reset)
  • The average score is 25 of 51

Answer Stats

AssistsPlayer% Correct
1,963Wayne Gretzky
99%
1,119*Jaromir Jagr
90%
1,049Gordie Howe
88%
1,193Mark Messier
86%
1,033Mario Lemieux
84%
1,063Steve Yzerman
81%
1,169Ray Bourque
76%
964*Joe Thornton
75%
1,135Paul Coffey
74%
797Jari Kurri
72%
1,016Joe Sakic
72%
1,040Marcel Dionne
70%
1,249Ron Francis
70%
873Phil Esposito
68%
793Guy Lafleur
65%
785Mats Sundin
62%
773Teemu Selanne
61%
1,079Adam Oates
60%
901Bryan Trottier
60%
878Nicklas Lidstrom
59%
813Mike Modano
56%
748*Henrik Sedin
53%
925Stan Mikita
53%
712Jean Beliveau
46%
726Luc Robitaille
46%
891Dale Hawerchuk
44%
781Brian Leetch
43%
742Denis Potvin
43%
852Bobby Clarke
42%
964Doug Gilmour
41%
956Mark Recchi
40%
763Chris Chelios
37%
894Phil Housley
35%
934Al MacInnis
34%
865Denis Savard
34%
789Peter Stastny
33%
813Johnny Bucyk
32%
750Larry Robinson
32%
814Gilbert Perreault
29%
713Daniel Alfredsson
28%
812Pierre Turgeon
27%
712Scott Stevens
25%
929Larry Murphy
24%
761Bernie Federko
20%
825Alex Delvecchio
19%
776Jean Ratelle
19%
732Rod Brind'Amour
17%
734Bernie Nicholls
14%
773Vincent Damphousse
14%
739Norm Ullman
13%
755Doug Weight
8%

Score Distribution

Percentile by Number Answered

Percent of People with Each Score

Your Score History

You have not taken this quiz since the last reset